| 000 | 00952nam a2200253Ia 4500 | ||
|---|---|---|---|
| 003 | OSt | ||
| 005 | 20221005111316.0 | ||
| 006 | a|||||r|||| 00| 0 | ||
| 007 | ta | ||
| 008 | 221004b |||||||| |||| 00| 0 hin d | ||
| 020 |
_a8170552737 (hbk) _c295 |
||
| 024 | _a104659 | ||
| 037 |
_b372, 17/02/2011, Vani Prakashan _cTextual |
||
| 040 |
_aCRL _cCRL _bhin |
||
| 041 |
_2hin _ahin |
||
| 082 | _aO152,1I83:g(Delta25), N3;P7 | ||
| 100 | _aपांडेय, मैनेजर | ||
| 245 | 0 | _aभक्ति आंदोलन और सूरदास का काव्य | |
| 246 | _aBhakti āandolan aur sūradās kā kāvya | ||
| 260 |
_aनई दिल्ली _bवाणी प्रकाशन भारत _c2007 |
||
| 300 |
_a307पृ0 _ccm. |
||
| 942 |
_hO152,1I83:g(Delta25), N3;P7 _cTEXL _2cc |
||
| 999 |
_c1021461 _d1021461 |
||